| 000 | 00943nam a22002537a 4500 | ||
|---|---|---|---|
| 008 | 081205t xxu||||| |||| 00| 0 eng d | ||
| 010 | _aENG-92045 | ||
| 020 |
_c795.00 _a9788124114452 |
||
| 035 | _aEN-75578 | ||
| 037 | _bDBAD / PUB | ||
| 040 |
_adpl _bEnglish |
||
| 082 | _a320.0954 | ||
| 100 | _aAwasthy, S.S. | ||
| 245 |
_aIndian government and politics / _cby S.S. Awasthy |
||
| 250 | _a3rd rev. ed | ||
| 260 |
_aNew Delhi _bHar-Anand Publications _c2009 |
||
| 270 |
_aE-49/3, Oklha Industrial Area, Phase-II, _bNew Delhi _e110020 |
||
| 300 |
_a568p. _c22cm (Hb) |
||
| 500 | _aIncludes index | ||
| 505 | _aV.1- Discrimination and discontent | ||
| 651 |
_aIndia _xPolitics and governments |
||
| 942 |
_2ddc _cEN _mASA _h320.0954 |
||
| 999 |
_c19552 _d19552 |
||